The Free Mind (Record no. 3703)

MARC details
000 -LEADER
fixed length control field 00377nam a22001697a 4500
005 - DATE AND TIME OF LATEST TRANSACTION
control field 20160623154010.0
008 - FIXED-LENGTH DATA ELEMENTS--GENERAL INFORMATION
fixed length control field 160623b xxu||||| |||| 00| 0 eng d
020 ## - INTERNATIONAL STANDARD BOOK NUMBER
ISBN 978-81-7992-789-2
041 ## - LANGUAGE CODE
Language code of text/sound track or separate title eng
082 ## - DEWEY DECIMAL CLASSIFICATION NUMBER
Item number 9614
100 ## - MAIN ENTRY--AUTHOR NAME
Personal name De-Bono, Edward
245 ## - TITLE STATEMENT
Title The Free Mind
260 ## - PUBLICATION, DISTRIBUTION, ETC. (IMPRINT)
Name of publisher Jaico
Year of publication 2010
300 ## - PHYSICAL DESCRIPTION
Number of Pages 103
650 ## - SUBJECT ADDED ENTRY--TOPICAL TERM
Topical Term Management
942 ## - ADDED ENTRY ELEMENTS (KOHA)
Koha item type Books
Holdings
Lost status Damaged status Collection code Home library Current library Shelving location Date acquired Cost, normal purchase price Full call number Accession Number Koha item type
    LIFE SKILL JRU Library JRU Library SHELF-102-J 23/06/2016 150.00 153.42 9614 Books